| 000 | 00444nam a22001697a 4500 | ||
|---|---|---|---|
| 005 | 20221116140015.0 | ||
| 008 | 221116b ||||| |||| 00| 0 eng d | ||
| 020 | _a0195673484 | ||
| 040 | _cAACR2 | ||
| 082 | _a423.002 OXF | ||
| 100 |
_aOxford Press _914248 |
||
| 245 | _aStudents learners dictionary of english | ||
| 260 |
_aNew Delhi _bOxford press _c2014 |
||
| 300 | _a766p. | ||
| 650 |
_aEnglish Dictionary _913228 |
||
| 942 |
_2ddc _cGF |
||
| 999 |
_c194160 _d194160 |
||